Statistiken für Disney Charaktere erraten mit Bildern

Klicken Sie hier um das Quiz zu spielen!

Allgemein

  • Dieses Quiz wurde 667 mal gespielt
  • Das Durchschnittsergebnis liegt bei 9 aus 15

Antwortstatistiken

Antwort% Korrekt
Dumbo
98%
Cinderella
95%
Tinker Bell
88%
Timon
83%
Klopfer
74%
Hades
64%
Maleficent
60%
Tiana
59%
Max
55%
Kuzco
47%
Marlin
45%
Basil
30%
Pongo
27%
Chicken Little / Hühnchen Junior
15%
Duchesse
13%

Verteilung der Resultate

Perzentil nach korrekt beantworteten Fragen

Anzahl Personen mit jedem Resultat

Ihre Resultats-Entwicklung

Sie haben dieses Quiz noch nicht gespielt